[Event "Cologne Ford op 17th"]
[Site "Cologne"]
[Date "2011.05.30"]
[Round "7"]
[White "Grosse Gehling, Thomas"]
[Black "Wolff, Michael"]
[Result "0-1"]
[WhiteElo "1665"]
[BlackElo "1838"]
[PlyCount "56"]
[EventDate "2011.04.12"]
[EventType "swiss"]
[EventRounds "7"]
[EventCountry "GER"]
[SourceTitle "EXT 2012"]
[Source "ChessBase"]
[SourceDate "2011.11.24"]
[SourceVersion "1"]
[SourceVersionDate "2011.11.24"]
[SourceQuality "1"]

1. b4 e5 2. Bb2 Bxb4 3. Bxe5 Nf6 4. Nf3 0-0 5. g3 Nc6 6. Bb2 d5 7. Bg2 Re8 8. 0-0 Qe7 9. Re1 Bd7 10. a3 Ba5 11. c4 dxc4 12. Qc2 Ng4 13. Qxc4 Bb6 14. e3 Na5 15. Qc2 c5 16. Nc3 Bc6 17. Na4 Qe4 18. Qc3 f6 19. Nxc5 Bxc5 20. Qxc5 Nb3 21. Qh5 Nxa1 22. Nh4 Qc2 23. Bxa1 Qxd2 24. Rf1 Bxg2 25. Qxg4 Re4 26. f4 Bxf1 27. Bxf6 Qxe3+ 28. Kh1 Bg2+ 0-1

[Event "Cologne Ford op 17th"]
[Site "Cologne"]
[Date "2011.05.16"]
[Round "5"]
[White "Grosse Gehling, Thomas"]
[Black "Melters, Hans"]
[Result "1-0"]
[WhiteElo "1665"]
[BlackElo "1244"]
[PlyCount "93"]
[EventDate "2011.04.12"]
[EventType "swiss"]
[EventRounds "7"]
[EventCountry "GER"]
[SourceTitle "EXT 2012"]
[Source "ChessBase"]
[SourceDate "2011.11.24"]
[SourceVersion "1"]
[SourceVersionDate "2011.11.24"]
[SourceQuality "1"]

1. b4 e5 2. Bb2 d6 3. g3 Be7 4. Bg2 Nf6 5. c4 Nc6 6. b5 Nd4 7. e3 Nf5 8. Ne2 0-0 9. Nbc3 Rb8 10. 0-0 Bd7 11. Qc2 Nh6 12. Ne4 Kh8 13. N2c3 c6 14. a4 Rc8 15. Ba3 Bf5 16. d3 c5 17. Nxf6 Bxf6 18. Bxb7 Rb8 19. Bd5 Re8 20. e4 Bh3 21. Rfe1 Ng4 22. f3 Nh6 23. Bc1 Bg5 24. Bxg5 Qxg5 25. Qf2 f5 26. Kh1 Rf8 27. Ra2 f4 28. g4 Nxg4 29. fxg4 Qxg4 30. Rg1 Qh5 31. a5 f3 32. Qg3 Bg2+ 33. Raxg2 fxg2+ 34. Qxg2 Qf3 35. Be6 Rf6 36. Bf5 Qxg2+ 37. Kxg2 Rbf8 38. Nd5 R6f7 39. Rd1 g6 40. Bh3 Rf2+ 41. Kg1 Ra2 42. Rf1 Rxf1+ 43. Bxf1 Rxa5 44. Nc7 Ra1 45. Ne8 Rd1 46. Nxd6 h6 47. Nf7+ 1-0